| 000 | 00370nam a22001577a 4500 | ||
|---|---|---|---|
| 003 | OSt | ||
| 005 | 20260319160600.0 | ||
| 008 | 260319b |||||||| |||| 00| 0 eng d | ||
| 020 | _a978810549267 | ||
| 040 | _cIIMT UNIVERSITY | ||
| 100 | _aGUPTA, S.C | ||
| 245 | _aAN INTRODUCTION TO METRICS | ||
| 260 |
_aDELHI _bSULTAN CHAND _c2014 |
||
| 300 | _a288 | ||
| 942 |
_2ddc _c01 |
||
| 999 |
_c67304 _d67304 |
||